[Event "Belgrade Trophy 36th"]
[Site "Belgrade"]
[Date "2023.11.26"]
[Round "2"]
[White "Hadzi Manev, Ljubomir"]
[Black "Trailovic, Aleksandar1"]
[Result "1/2-1/2"]
[WhiteElo "1865"]
[BlackElo "2132"]
[PlyCount "83"]
[EventDate "2023.11.25"]
[EventType "swiss"]
[EventRounds "9"]
[EventCountry "SRB"]
[SourceTitle "CB49_2023"]
[SourceDate "2023.12.06"]
[SourceVersion "1"]
[SourceVersionDate "2023.12.06"]
[SourceQuality "1"]

1. d4 Nf6 2. Bf4 d5 3. e3 c5 4. c3 Nc6 5. Nd2 Bf5 6. f3 e6 7. g4 Bg6 8. h4 h5 9. g5 Nd7 10. Bh3 Qb6 11. Qb3 Na5 12. Qxb6 axb6 13. Ne2 Be7 14. Bg3 cxd4 15. exd4 Bc2 16. Kf2 g6 17. Nf4 Nf8 18. Rac1 Ba4 19. Nd3 Kd8 20. b3 Be8 21. Rc2 Nc6 22. b4 b5 23. Ra1 Nd7 24. a3 Nb6 25. Nc5 Kc8 26. Ndb3 Na4 27. Bf1 Nb8 28. Nc1 b6 29. N5d3 Nc6 30. Bh3 Bd7 31. Nf4 Rd8 32. Bf1 Na7 33. Ncd3 Kb7 34. Ne5 Be8 35. Ke3 Nc8 36. Kd2 Nd6 37. Bh3 Nc4+ 38. Nxc4 bxc4 39. Re1 Bd6 40. Ne2 b5 41. Ra2 Nb6 42. Bxd6 1/2-1/2

[Event "WchT Seniors 65"]
[Site "Struga"]
[Date "2023.09.19"]
[Round "1.4"]
[White "Trabattoni, Franco"]
[Black "Hadzi Manev, Ljubomir"]
[Result "1-0"]
[WhiteElo "2232"]
[BlackElo "1865"]
[PlyCount "63"]
[EventDate "2023.09.19"]
[EventType "team-swiss"]
[EventRounds "9"]
[EventCountry "MKD"]
[SourceTitle "EXT 2024"]
[Source "ChessBase"]
[SourceDate "2023.10.10"]
[SourceVersion "1"]
[SourceVersionDate "2023.10.10"]
[SourceQuality "1"]
[WhiteTeam "Italy 65"]
[BlackTeam "Macedonia 65"]
[WhiteTeamCountry "ITA"]
[BlackTeamCountry "MKD"]

1. d4 d5 2. Nf3 e6 3. g3 c5 4. Bg2 Nc6 5. 0-0 Nf6 6. c4 Be7 7. cxd5 exd5 8. Nc3 0-0 9. dxc5 Bxc5 10. Bg5 Be7 11. Nd4 h6 12. Be3 Re8 13. Qa4 Nxd4 14. Bxd4 Bd7 15. Qb3 Bc6 16. Rfd1 Qa5 17. Bxf6 Bxf6 18. Nxd5 Rxe2 19. Nxf6+ gxf6 20. Bxc6 bxc6 21. Qf3 Re6 22. a3 Rae8 23. b4 Qb5 24. Rac1 a5 25. bxa5 Qxa5 26. Kg2 Ra8 27. Rxc6 Rxc6 28. Qxc6 Ra6 29. Qe8+ Kg7 30. Rd7 Qh5 31. Rd8 f5 32. Qh8+ 1-0

[Event "Skopje Karposh CC-ch"]
[Site "Skopje"]
[Date "2023.07.23"]
[Round "11"]
[White "Glavinac, Darijan"]
[Black "Hadzi Manev, Ljubomir"]
[Result "0-1"]
[WhiteElo "1211"]
[BlackElo "1878"]
[PlyCount "40"]
[EventDate "2023.07.16"]
[EventType "tourn"]
[EventRounds "11"]
[EventCountry "MKD"]
[SourceTitle "CBM 215 Extra"]
[Source "ChessBase"]
[SourceDate "2023.09.30"]
[SourceVersion "1"]
[SourceVersionDate "2023.09.30"]
[SourceQuality "1"]

1. e4 g6 2. d4 d6 3. Nc3 Bg7 4. Be3 a6 5. Be2 b5 6. a3 Nd7 7. Nf3 Bb7 8. 0-0 Ngf6 9. Qd3 c5 10. dxc5 Nxc5 11. Bxc5 dxc5 12. Qxd8+ Rxd8 13. e5 Nh5 14. Nxb5 axb5 15. Bxb5+ Kf8 16. Rfd1 Rb8 17. a4 Bxf3 18. gxf3 Bxe5 19. c3 Kg7 20. Rd7 Bd6 0-1

[Event "Skopje Karposh CC-ch"]
[Site "Skopje"]
[Date "2023.07.21"]
[Round "7"]
[White "Ranic, Viktor"]
[Black "Hadzi Manev, Ljubomir"]
[Result "1-0"]
[WhiteElo "1912"]
[BlackElo "1878"]
[PlyCount "77"]
[EventDate "2023.07.16"]
[EventType "tourn"]
[EventRounds "11"]
[EventCountry "MKD"]
[SourceTitle "CBM 215 Extra"]
[Source "ChessBase"]
[SourceDate "2023.09.30"]
[SourceVersion "1"]
[SourceVersionDate "2023.09.30"]
[SourceQuality "1"]

1. e4 g6 2. d4 Nf6 3. Nc3 d5 4. e5 Ne4 5. f3 Nxc3 6. bxc3 c5 7. a4 Nc6 8. Ne2 h5 9. g3 Bg7 10. Be3 Bf5 11. Nf4 c4 12. Qb1 g5 13. Ne2 f6 14. exf6 Bxf6 15. Bg2 Qd7 16. Qc1 Rg8 17. f4 g4 18. Kf2 0-0-0 19. a5 Rg7 20. a6 b6 21. Rb1 Rh8 22. Rb5 e6 23. h3 gxh3 24. Bxh3 Bxh3 25. Rxh3 h4 26. Qh1 Nb4 27. Rxb4 e5 28. gxh4 Qg4 29. h5 exf4 30. Bxf4 Re8 31. Rxc4+ dxc4 32. Qa8+ Kd7 33. Qd5+ Kc8 34. Qxc4+ Kd8 35. Qd5+ Kc8 36. Qc6+ Kd8 37. Qxf6+ Ree7 38. Re3 Qg2+ 39. Ke1 1-0

[Event "Skopje Karposh CC-ch"]
[Site "Skopje"]
[Date "2023.07.20"]
[Round "6"]
[White "Hadzi Manev, Ljubomir"]
[Black "Cvetkovski, Slobodan"]
[Result "1-0"]
[WhiteElo "1878"]
[BlackElo "1753"]
[PlyCount "65"]
[EventDate "2023.07.16"]
[EventType "tourn"]
[EventRounds "11"]
[EventCountry "MKD"]
[SourceTitle "CBM 215 Extra"]
[Source "ChessBase"]
[SourceDate "2023.09.30"]
[SourceVersion "1"]
[SourceVersionDate "2023.09.30"]
[SourceQuality "1"]

1. d4 d5 2. Bf4 e6 3. e3 Bd6 4. Nf3 Nf6 5. c3 0-0 6. Nbd2 c5 7. Ne5 Nc6 8. Bg3 Qc7 9. f4 b6 10. Bd3 Bb7 11. 0-0 g6 12. Bh4 Ne8 13. Qg4 f5 14. Qg3 Nxe5 15. fxe5 Be7 16. Nf3 Bxh4 17. Qxh4 c4 18. Bc2 Ng7 19. Ng5 h5 20. h3 Qe7 21. g4 Bc6 22. Rf2 b5 23. Raf1 a5 24. Bd1 fxg4 25. hxg4 Rxf2 26. Rxf2 Rf8 27. Rg2 Be8 28. Bc2 b4 29. gxh5 gxh5 30. Qg3 Kh8 31. Nh7 Rg8 32. Nf6 Rf8 33. Qg5 1-0

[Event "Skopje-ch Seniors"]
[Site "Skopje"]
[Date "2022.10.10"]
[Round "6"]
[White "Kralevski, Aleksander"]
[Black "Hadzi Manev, Ljubomir"]
[Result "1-0"]
[WhiteElo "2089"]
[BlackElo "1948"]
[PlyCount "44"]
[EventDate "2022.10.07"]
[EventType "swiss"]
[EventRounds "7"]
[EventCountry "MKD"]
[SourceTitle "EXT 2024"]
[Source "ChessBase"]
[SourceDate "2023.10.10"]
[SourceVersion "1"]
[SourceVersionDate "2023.10.10"]
[SourceQuality "1"]

1. e4 g6 2. d4 Nf6 3. e5 Nh5 4. Be2 d6 5. Bxh5 gxh5 6. Qxh5 dxe5 7. dxe5 Qd5 8. Ne2 Qxg2 9. Rg1 Qe4 10. Nbc3 Qf5 11. Qh4 Bd7 12. Rg5 Qh3 13. Qb4 Nc6 14. Qxb7 Rb8 15. Qxc7 Qxh2 16. Bf4 Qh4 17. 0-0-0 Rd8 18. Rxd7 Rxd7 19. Qxc6 Bh6 20. Rg4 Bxf4+ 21. Rxf4 Qh5 22. Rd4 Qf5 1-0

[Event "Skopje-ch Seniors"]
[Site "Skopje"]
[Date "2022.10.08"]
[Round "3"]
[White "Surlovski, Dushko"]
[Black "Hadzi Manev, Ljubomir"]
[Result "1-0"]
[WhiteElo "1682"]
[BlackElo "1948"]
[PlyCount "69"]
[EventDate "2022.10.07"]
[EventType "swiss"]
[EventRounds "7"]
[EventCountry "MKD"]
[SourceTitle "EXT 2024"]
[Source "ChessBase"]
[SourceDate "2023.10.10"]
[SourceVersion "1"]
[SourceVersionDate "2023.10.10"]
[SourceQuality "1"]

1. d4 d5 2. Bf4 Nf6 3. e3 c5 4. c3 Qb6 5. Qb3 Nc6 6. Nd2 c4 7. Qc2 Nh5 8. Bg3 f5 9. Be2 Nxg3 10. hxg3 g6 11. f3 Qc7 12. f4 b5 13. b3 a6 14. Nh3 Bg7 15. Ng5 h6 16. Ngf3 Be6 17. Ne5 Nxe5 18. fxe5 0-0 19. g4 cxb3 20. Nxb3 fxg4 21. Bd3 Bf5 22. Nc5 h5 23. Bxf5 Rxf5 24. e4 Rxe5 25. 0-0 dxe4 26. Nxe4 Rf5 27. Rxf5 gxf5 28. Nc5 e5 29. Ne6 Qf7 30. d5 e4 31. Rd1 Rc8 32. Qf2 Bxc3 33. Qb6 Be5 34. Qxa6 Qd7 35. Ng5 1-0

[Event "FRM-chT 29th"]
[Site "Struga"]
[Date "2021.08.20"]
[Round "6"]
[White "Organdziev, Oliver"]
[Black "Hadzi Manev, Ljubomir"]
[Result "1-0"]
[WhiteElo "2261"]
[BlackElo "2006"]
[PlyCount "81"]
[EventDate "2021.08.15"]
[EventType "team-tourn"]
[EventRounds "7"]
[EventCountry "MKD"]
[SourceTitle "CBM 203 Extra"]
[Source "ChessBase"]
[SourceDate "2021.09.30"]
[SourceVersion "1"]
[SourceVersionDate "2021.09.30"]
[SourceQuality "1"]
[WhiteTeam "Shipkovica Anpasan"]
[BlackTeam "Skopje Karposh"]
[WhiteTeamCountry "MKD"]
[BlackTeamCountry "MKD"]

1. e4 c6 2. Nf3 d5 3. Nc3 dxe4 4. Nxe4 Nf6 5. Nxf6+ exf6 6. g3 Bd6 7. Qe2+ Be6 8. Nd4 Qe7 9. Nxe6 Qxe6 10. Bh3 Qxe2+ 11. Kxe2 0-0 12. Rd1 Na6 13. d4 Rad8 14. Bg2 f5 15. c3 Nc7 16. a4 Nd5 17. a5 a6 18. Bxd5 cxd5 19. Kd3 Rfe8 20. b3 Re6 21. Bg5 Rd7 22. Re1 h6 23. Rxe6 fxe6 24. Bf4 Kf7 25. Bxd6 Rxd6 26. Ra4 b5 27. axb6 Rxb6 28. Kc2 g5 29. c4 dxc4 30. bxc4 f4 31. c5 Rc6 32. Ra5 fxg3 33. fxg3 h5 34. Kd3 Kg6 35. Ke4 Kf6 36. h3 Rc8 37. Rxa6 Kf7 38. Ke5 Rb8 39. Ra7+ Kg6 40. c6 h4 41. c7 1-0

[Event "FRM-chT 29th"]
[Site "Struga"]
[Date "2021.08.19"]
[Round "5"]
[White "Hadzi Manev, Ljubomir"]
[Black "Petkovski, Vlatko"]
[Result "0-1"]
[WhiteElo "2006"]
[BlackElo "2099"]
[PlyCount "72"]
[EventDate "2021.08.15"]
[EventType "team-tourn"]
[EventRounds "7"]
[EventCountry "MKD"]
[SourceTitle "CBM 203 Extra"]
[Source "ChessBase"]
[SourceDate "2021.09.30"]
[SourceVersion "1"]
[SourceVersionDate "2021.09.30"]
[SourceQuality "1"]
[WhiteTeam "Skopje Karposh"]
[BlackTeam "Skopje MSK Centar"]
[WhiteTeamCountry "MKD"]
[BlackTeamCountry "MKD"]

1. d4 Nf6 2. Nc3 c5 3. d5 g6 4. e4 d6 5. Be2 Bg7 6. h4 h5 7. Nh3 Na6 8. Ng5 Nc7 9. a4 Rb8 10. Bf4 Ng4 11. Qd2 Ne5 12. Nf3 Ng4 13. Ng5 b6 14. 0-0 0-0 15. Kh1 a6 16. f3 Ne5 17. Bg3 b5 18. axb5 axb5 19. f4 Ng4 20. f5 b4 21. Nd1 Nb5 22. Bxg4 hxg4 23. c3 bxc3 24. bxc3 Bd7 25. Qe2 Nxc3 26. Nxc3 Bxc3 27. Qxg4 Bxa1 28. Rxa1 Qe8 29. h5 gxf5 30. exf5 Kh8 31. Be1 f6 32. Bc3 Rg8 33. h6 Bxf5 34. Qh4 Qg6 35. h7 Rg7 36. g4 Bd3 0-1

[Event "FRM-ch op"]
[Site "Struga"]
[Date "2021.07.26"]
[Round "4"]
[White "Hadzi Manev, Ljubomir"]
[Black "Nikolovski, Nikola"]
[Result "0-1"]
[WhiteElo "2003"]
[BlackElo "2438"]
[PlyCount "120"]
[EventDate "2021.07.24"]
[EventType "swiss"]
[EventRounds "9"]
[EventCountry "MKD"]
[SourceTitle "CBM 203 Extra"]
[Source "ChessBase"]
[SourceDate "2021.09.30"]
[SourceVersion "1"]
[SourceVersionDate "2021.09.30"]
[SourceQuality "1"]

1. d4 e6 2. Nc3 Bb4 3. g3 f5 4. Bg2 Nf6 5. Bd2 0-0 6. Nh3 d6 7. 0-0 e5 8. Nd5 Bxd2 9. Qxd2 c6 10. Nxf6+ Qxf6 11. dxe5 dxe5 12. Rad1 h6 13. Qd6 Na6 14. Qxf6 Rxf6 15. Rd8+ Rf8 16. Rd6 Kf7 17. a3 Nc5 18. Rfd1 Na4 19. Rb1 Be6 20. Kf1 Ke7 21. Rd2 Rad8 22. Rxd8 Rxd8 23. Ke1 Ba2 24. Rc1 Nxb2 25. e4 Be6 26. Rb1 Nc4 27. Rxb7+ Rd7 28. Rb3 fxe4 29. Ng1 Bg4 30. f3 Rd2 31. Bf1 exf3 32. Nxf3 Rxc2 33. Bxc4 Rxc4 34. Rb7+ Kf6 35. Nd2 Ra4 36. Rc7 Rxa3 37. Rxc6+ Kf5 38. Nc4 Ra1+ 39. Kf2 Ke4 40. Nd2+ Kf5 41. Nc4 Ra2+ 42. Ke3 Re2+ 43. Kd3 Rxh2 44. Ne3+ Kg5 45. Rc5 Bf5+ 46. Kc3 Re2 47. Rxe5 g6 48. Kd4 h5 49. Ra5 Rd2+ 50. Ke5 Rd3 51. Nxf5 gxf5 52. Rxa7 Re3+ 53. Kd4 Rxg3 54. Rg7+ Kf4 55. Rh7 Rh3 56. Rg7 Rh1 57. Kd3 Kf3 58. Kd2 f4 59. Ra7 Kf2 60. Ra2 f3 0-1

[Event "Karposh CC-ch"]
[Site "Skopje"]
[Date "2021.07.04"]
[Round "11"]
[White "Golubovic, Tomislav"]
[Black "Hadzi Manev, Ljubomir"]
[Result "0-1"]
[WhiteElo "1712"]
[BlackElo "2003"]
[PlyCount "74"]
[EventDate "2021.06.28"]
[EventType "tourn"]
[EventRounds "11"]
[EventCountry "MKD"]
[SourceTitle "EXT 2022"]
[Source "ChessBase"]
[SourceDate "2021.10.06"]
[SourceVersion "1"]
[SourceVersionDate "2021.10.06"]
[SourceQuality "1"]

1. e4 c5 2. Nf3 e6 3. d4 cxd4 4. Nxd4 a6 5. c4 Nf6 6. Nc3 Bb4 7. Bd3 Qc7 8. 0-0 Nc6 9. Nxc6 dxc6 10. Bg5 Bd6 11. g3 Be5 12. Be3 h5 13. f4 Ng4 14. Qf3 Nxe3 15. Qxe3 Bxc3 16. bxc3 c5 17. e5 g6 18. Be4 Rb8 19. Rab1 0-0 20. Rfd1 b5 21. cxb5 axb5 22. Rd6 Bb7 23. Rbd1 Bxe4 24. Qxe4 Qa7 25. R1d2 b4 26. c4 b3 27. axb3 Rxb3 28. Qc2 Rb4 29. Qd3 Kg7 30. Rd8 Rb8 31. Rd7 Qa4 32. Rd6 Rb3 33. Qe4 Rc3 34. Qb7 Qxc4 35. Qe7 Rc1+ 36. Kf2 Qf1+ 37. Ke3 Re1+ 0-1

[Event "Karposh CC-ch"]
[Site "Skopje"]
[Date "2021.06.28"]
[Round "2"]
[White "Tevdovski, Zoran"]
[Black "Hadzi Manev, Ljubomir"]
[Result "0-1"]
[WhiteElo "1809"]
[BlackElo "2003"]
[PlyCount "92"]
[EventDate "2021.06.28"]
[EventType "tourn"]
[EventRounds "11"]
[EventCountry "MKD"]
[SourceTitle "EXT 2022"]
[Source "ChessBase"]
[SourceDate "2021.10.06"]
[SourceVersion "1"]
[SourceVersionDate "2021.10.06"]
[SourceQuality "1"]

1. f4 c5 2. Nf3 g6 3. e3 Bg7 4. Be2 Nc6 5. 0-0 d5 6. d3 e5 7. fxe5 Nxe5 8. Nc3 Ne7 9. e4 d4 10. Nb1 N7c6 11. Nxe5 Nxe5 12. Nd2 Be6 13. b3 b5 14. Nf3 Nxf3+ 15. Bxf3 h5 16. Bf4 g5 17. Bd2 Be5 18. g3 g4 19. Bg2 h4 20. Bf4 Qc7 21. Qd2 0-0-0 22. Bxe5 Qxe5 23. Rf4 a6 24. Qa5 Rd6 25. Raf1 Rh5 26. Rxf7 Bxf7 27. Rxf7 Rf6 28. Ra7 hxg3 29. Ra8+ Kb7 30. Qd8 gxh2+ 31. Kh1 Rc6 32. Qf8 Rh7 33. Re8 Rf6 34. Qxf6 Qxf6 35. e5+ Qc6 36. Bxc6+ Kxc6 37. Rg8 Rh4 38. Rg5 Kd5 39. a3 Ke6 40. a4 bxa4 41. bxa4 a5 42. Rg6+ Kxe5 43. c4 dxc3 44. d4+ Kf5 45. Rc6 g3 46. Rxc5+ Kf4 0-1

[Event "Solta Amateur op"]
[Site "Grohote"]
[Date "2019.06.23"]
[Round "9"]
[White "Goric, Esad"]
[Black "Hadzi Manev, Ljubomir"]
[Result "1/2-1/2"]
[WhiteElo "2265"]
[BlackElo "2032"]
[PlyCount "42"]
[EventDate "2019.06.15"]
[EventType "swiss"]
[EventRounds "9"]
[EventCountry "CRO"]
[SourceTitle "EXT 2020"]
[Source "ChessBase"]
[SourceDate "2019.10.17"]
[SourceVersion "1"]
[SourceVersionDate "2019.10.17"]
[SourceQuality "1"]

1. Nf3 d5 2. b3 Nf6 3. Bb2 Bg4 4. e3 Nbd7 5. Be2 e6 6. 0-0 Bd6 7. d4 0-0 8. c4 c6 9. Nbd2 Re8 10. Ne5 Bxe2 11. Qxe2 Bb4 12. Ndf3 Nxe5 13. Nxe5 Bd6 14. Nf3 Ne4 15. Rac1 Qf6 16. Nd2 Qh6 17. g3 Qg6 18. Nxe4 Qxe4 19. Qc2 Qxc2 20. Rxc2 Rad8 21. Kg2 Bb8 1/2-1/2

[Event "EU-ch 20th"]
[Site "Skopje"]
[Date "2019.03.24"]
[Round "6"]
[White "Bejatovic, Bojana"]
[Black "Hadzi Manev, Ljubomir"]
[Result "1/2-1/2"]
[WhiteElo "2058"]
[BlackElo "2030"]
[PlyCount "23"]
[EventDate "2019.03.18"]
[EventType "swiss"]
[EventRounds "11"]
[EventCountry "MKD"]
[SourceTitle "CBM 189"]
[Source "ChessBase"]
[SourceDate "2019.04.29"]
[SourceVersion "1"]
[SourceVersionDate "2019.04.29"]
[SourceQuality "1"]

1. d4 d5 2. Nf3 c5 3. e3 e6 4. c3 Nc6 5. Bd3 Nf6 6. 0-0 Bd6 7. Nbd2 0-0 8. dxc5 Bxc5 9. e4 dxe4 10. Nxe4 Nxe4 11. Bxe4 Qxd1 12. Rxd1 1/2-1/2

[Event "EU-ch 20th"]
[Site "Skopje"]
[Date "2019.03.19"]
[Round "2"]
[White "Injac, Teodora"]
[Black "Hadzi Manev, Ljubomir"]
[Result "1-0"]
[WhiteElo "2329"]
[BlackElo "2030"]
[PlyCount "57"]
[EventDate "2019.03.18"]
[EventType "swiss"]
[EventRounds "11"]
[EventCountry "MKD"]
[SourceTitle "CBM 189"]
[Source "ChessBase"]
[SourceDate "2019.04.29"]
[SourceVersion "1"]
[SourceVersionDate "2019.04.29"]
[SourceQuality "1"]

1. d4 d5 2. c4 e6 3. Nf3 c5 4. cxd5 exd5 5. g3 Nc6 6. Bg2 Nf6 7. 0-0 Be7 8. dxc5 Bxc5 9. a3 0-0 10. b4 Bb6 11. Nc3 h6 12. Bb2 Bf5 13. Rc1 Qd7 14. Na4 Ne4 15. Nxb6 axb6 16. Nd4 f6 17. Nxf5 Qxf5 18. Qd3 Rfd8 19. Qb5 Ne5 20. Rc7 Kh8 21. Bxe5 Qxe5 22. Qxb6 Rxa3 23. Qxb7 f5 24. Re7 Qd4 25. e3 Qb2 26. Rd7 Rxd7 27. Qxd7 Ra2 28. Qc8+ Kh7 29. Qxf5+ 1-0